000 00818cab a2200241 4500
001 WB3143-12
008 090401t1995 xxu||||| |||| 00| 0 eng d
035 _a(Sirsi) u28623
041 _aeng
245 _aOutlook for UK improves
260 _c1995
350 _a0
490 _aFinancial Times
_v17 November 1995, 13(1)
520 _aAccording to the London Business School and Royal Institution of Chartered Surveyors the UK property market outlook has improved and a steady upturn is expected.
650 _aCAPITAL VALUES
650 _aCOMMERCIAL PROPERTY PRICES
650 _aFORECASTS
650 _aLBS / RICS COMMERCIAL PROPERTY MODEL
650 _aRICS / LBS COMMERCIAL PROPERTY MODEL
690 _aPROPERTY-COMMERCIAL PROPERTY-COMMERCIAL PROPERTY MARKET
942 _n0
948 _c04/03/1997
999 _c19246
_d19246